000 00602nam a2200205 a 4500
005 20251212063925.0
008 070208s1999 mx r 000 0 spa d
020 _a848239391X
035 _aUPN01000149244
049 _aCG
050 4 _aGV1449.5
_bO5.3
100 1 _aOlías, José María
245 1 0 _aCómo ganar a tus amigos al ajedréz :
_bla táctica y la estrategia a nivel medio /
_cJosé María Olías.
260 _aMadrid :
_bPalabra,
_c1999.
300 _a277 p. :
_bil.
440 0 _aTiempo libre
650 2 _aAjedrez
_91976
650 4 _aAJEDREZ -
_xAPERTURAS
_97526
905 _aLibro
999 _c121385
_d121385